LEADER 01497nam0 2200361 i 450 001 VAN00050647 005 20260309100840.998 010 $a978-88-85255-13-5 100 $a20060831d1981 |0itac50 ba 101 $aita 102 $aIT 105 $a|||| ||||| 181 $ai$b e 182 $an 183 $anc 200 1 $aˆIl ‰limite$fSalvatore Spataro, Salvatore Tribulato 205 $a2. ed 210 $aMilano$cTecnos$d1981 215 $a111 p.$cill.$d22 cm 410 1$1001VAN00050000$12001 $aEsami$1210 $aMilano$cTecnos$v13 606 $a26-XX$xReal functions [MSC 2020]$3VANC019778$2MF 620 $dMilano$3VANL000284 700 1$aSpataro$bSalvatore$3VANV019857$060149 701 1$aTribulato$bSalvatore$3VANV019829$0350607 712 $aTecnos $3VANV108758$4650 801 $aIT$bSOL$c20260313$gRICA 856 4 $u/sebina/repository/catalogazione/documenti/ID 50647.pdf$zID 50647.pdf 912 $aVAN00050647 950 $aBIBLIOTECA DEL DIPARTIMENTO DI MATEMATICA E FISICA$d08CONS 26-XX 4211 $e08 1459 III a 20060831 950 $aBIBLIOTECA DEL DIPARTIMENTO DI MATEMATICA E FISICA$d08PREST 26-XX 4211 $e08 1460 III b 20060831 950 $aBIBLIOTECA DEL DIPARTIMENTO DI MATEMATICA E FISICA$d08PREST 26-XX 4211 $e08 1505 III c 20060831 996 $aLimite$91426064 997 $aUNICAMPANIA